| 000 | 00494nam a22001817a 4500 | ||
|---|---|---|---|
| 003 | OSt | ||
| 005 | 20190329111622.0 | ||
| 008 | 190329b xxu||||| |||| 00| 0 ara d | ||
| 040 | _aLB-BrCRDP | ||
| 082 | _a808.3 N162f | ||
| 100 | 3 | _aد.محمد يوسف نجم | |
| 245 | _aفن القصة | ||
| 260 |
_aبيروت _bدار بيروت _c1966 |
||
| 300 |
_aص191 _cسم20 |
||
| 630 | _a Short stories, Arabic -- History and criticism. | ||
| 630 | _aShort stories, Arabic. | ||
| 942 |
_2ddc _cBK |
||
| 999 |
_c22727 _d22727 |
||